000 00586nam a2200217Ia 4500
005 20241129105743.0
008 241129s9999||||xx |||||||||||||| ||und||
020 _a978-1-78873-281-9
037 _aTB
040 _aARTS
_beng
_cARTS
041 _aeng
_2eng
084 _aR3xN30 R1
_qARTS
100 _aSalmon Peter Au.
_9724597
245 3 _aAn event, perhaps"a biography of Jacques Derrida
_cSalmon Peter Au.
260 _aUK
_bVerso
_c2021
300 _a312p.
365 _aUKP
_b9.99
650 _aPhilosophy
942 _cTB
_hR3xN30 R1
999 _c1225779
_d1225779